000 00616nam a22002297a 4500
003 UA-OsUOA
001 48245
007 ta
008 20070831b un ||||| |||| 00| 0 ukr d
100 _aСиваченко Г.М.
090 _a82,09
_bС34
942 _cBK
040 _aUA-OsUOA
_bukr
_cUA-OsUOA
_dUA-OsUOA
245 _aПроблематика і поетика прози
300 _a112 с.
955 _a2
041 _aukr
080 _a82,09
260 _aК.
_bНаукова думка
_c1981
650 7 _a82 Література. Літературознавство
_2UDC
999 _c334348
_d334348